FNAF Characters ULTRA (Part 2, SL - UCN Crowd Control) - Statistics

General Stats
  • This quiz has been taken 24 times
    18 since last reset
  • The average score is 36 of 500
Answer Stats
Origin (General) Origin (Specific) Character % Correct
Roster Circus Baby
71%
Funtime Freddy
71%
BAL
57%
Ballora
57%
Bidybab
57%
Bon-Bon
57%
Bonnet
57%
Bucket Bob
57%
Electrobab
57%
Ennard
57%
Funtime Foxy
57%
Lefty
57%
Updates, Platform Variations, and DLC Sister Location Custom Night Lolbit
57%
Minireena
57%
No. 1 Crate
57%
The Baby
57%
El Chip
43%
Elizabeth Afton
43%
Fruit Punch Clown
43%
Funtime Chica
43%
Happy Frog
43%
Assistant Helpy
43%
Lemonade Clown
43%
Roster Molten Freddy
43%
Mr. Can-Do
43%
Mr. Hippo
43%
Mr. Hugs
43%
Music Man
43%
Orville Elephant
43%
Pan Stan
43%
Prize King
43%
Rockstar Bonnie
43%
Rockstar Chica
43%
Rockstar Foxy
43%
Rockstar Freddy
43%
William Afton
43%
Yenndo
43%
Afton
29%
SaSI Products Ballpit Tower
29%
Blueprint L.E.F.T.E.
29%
Candy Cadet
29%
Fritz
29%
Funtime Cupcake
29%
SBT Products Gumball Swivelhands
29%
Jeremy
29%
L.E.F.T.E.
29%
Protagonist (True Name) Michael Afton
29%
Minireena 2
29%
Nedd Bear
29%
Pickles
29%
Pigpatch
29%
Rockstar Parrot
29%
Scrap Baby
29%
Security Puppet
29%
Susie
29%
The Clown
29%
The Scooper
29%
2D Funtime Chica
14%
8-Bit Ryan
14%
Alleyway L.E.F.T.E.
14%
Angsty Teen Voice Hand-Unit
14%
Blueprint R.A.S.C.
14%
Casual Bongos
14%
Charlotte Emily
14%
Clara
14%
Client_Dir
14%
CoryXKenshin
14%
Dark Springtrap
14%
Bonus Characters Dee Dee
14%
Doofy Mr. Hippos
14%
Office Decor Drawing Lefty
14%
Exotic Butters
14%
Female Voice Hand-Unit
14%
Flo
14%
FTF
14%
Lorekeeper Ending Gabriel
14%
Gypsy
14%
A.I. Voices Hand-Unit
14%
Upgrade Handyman
14%
Namesake of the Above Jr
14%
Establishment in Midnight Motorist Jr’s
14%
Jumpscare Minireena
14%
Lally
14%
Little Joe
14%
Extras Locked Ennard
14%
Making Baby
14%
Making Baby 10
14%
Making Baby 11
14%
Making Baby 12
14%
Making Baby 13
14%
Making Baby 2
14%
Making Baby 3
14%
Making Baby 4
14%
Making Baby 5
14%
Making Baby 6
14%
Making Baby 7
14%
Making Baby 8
14%
Making Baby 9
14%
Making Freddy
14%
Making Freddy 10
14%
Making Freddy 11
14%
Making Freddy 12
14%
Making Freddy 13
14%
Making Freddy 2
14%
Making Freddy 3
14%
Making Freddy 4
14%
Making Freddy 5
14%
Making Freddy 6
14%
Making Freddy 7
14%
Making Freddy 8
14%
Making Freddy 9
14%
Making Funtime Foxy
14%
Making Funtime Foxy 10
14%
Making Funtime Foxy 11
14%
Making Funtime Foxy 12
14%
Making Funtime Foxy 2
14%
Making Funtime Foxy 3
14%
Making Funtime Foxy 4
14%
Making Funtime Foxy 5
14%
Making Funtime Foxy 6
14%
Making Funtime Foxy 7
14%
Making Funtime Foxy 8
14%
Making Funtime Foxy 9
14%
Alternative Hand-Unit Settings Male Voice Hand-Unit
14%
Marty
14%
Easter Eggs Module Lolbit
14%
Mudkip Plush
14%
Neon Jukebox
14%
Orange Guy
14%
Purple Fan
14%
Confirmed to exist by the above R.A.S.C.
14%
Robot Toy
14%
Stage Clouds
14%
Midnight Motorist Play Testing The Motorist
14%
The Other Kids
14%
The Springlock Suit
14%
Band Achievements Trash and the Gang
14%
Ultimate JJ
14%
Immortal and the Restless Vlad
14%
Wide Orville
14%
Winking Sign
14%
XOR
14%
2D Funtime Cupcake
0%
Advert Bear Gang
0%
Advert Bystanders
0%
Other Mechanics Advert El Chip
0%
Advert Freddy
0%
Advert Freddy 2
0%
Advert Kids
0%
Advert Kids 2
0%
Advert Man Gang
0%
Advert Sun
0%
Advert Unwithered Freddy
0%
Alarming Nightmare Freddy
0%
Alley Death Screens Alleyway Molten Freddy
0%
Lawsuit Sections Attorney Helpy
0%
Back Button Withered Golden Freddy
0%
Bathroom Sign Duo
0%
Teasers, Trailers, and Promotional Materials Scottgames Sourcecode Teaser BBY
0%
Five Nights at Freddy’s Promotional Compilation #2 Ben the Scoopist
0%
Alternative Design Black Eyes Toy Freddy
0%
Blueprint Baby
0%
Blueprint Ballora
0%
Blueprint Bon-Bon
0%
Blueprint Cavity Child
0%
Blueprint Funtime Foxy
0%
Blueprint Funtime Freddy
0%
Unused Blueprint Molten Freddy
0%
Blueprint S.C.U.P.
0%
Bowser Amiibo
0%
Updates, Platform Variations, and DLC Version 1.1 Bronze Freddy Trophy
0%
BTS Bonnie B
0%
BTS Circus Baby
0%
BTS Empty Heads
0%
BTS Endo-01
0%
BTS Funtime Freddy
0%
BTS Funtime Freddy 2
0%
BTS Little Joe
0%
BTS Magician Toy
0%
BTS Mini-Freddys
0%
BTS Springtrap B
0%
BTS Unstrung Little Joe
0%
FNAF Third Anniversary Behind the Scenes Images BTS Withered Freddy
0%
Office Teasers Builder Animdude
0%
Bulbasaur Plush
0%
Within the Bunker during Night 4 Bunker Technician A
0%
Bunker Technician B
0%
Cappy Hat
0%
Carousel Bonnie
0%
Carousel Chica
0%
Carousel Foxy
0%
Carousel Freddy
0%
Salvage Sections Cassette Man
0%
Catalog Paper Pals
0%
Five Nights at Freddy’s 4 (Oops 4: Big Oops) Bedroom Toys Caterpillar Toy
0%
CavemanFilms
0%
The Missed Decor Celebrate Poster 2
0%
Extras Cheatmares
0%
Chica’s Party World
0%
Childrn_ENT
0%
Found on Cam 07 Circus Baby Doll
0%
Classical Rainforest Ambience
0%
Destiny Gameplay Walkthrough - Alpha Part 1 (PS4/XB1 1080p HD)(Thumbnail can be seen in the bottom left corner of GhostRobo’s segment.) Cliffside Guardian
0%
Clown Drawing
0%
Clown Mr. Peterson Plush
0%
Concept Clara
0%
The Immortal and the Restless Concept Art Concept Vlad
0%
Therapeutic Music Selections Contemporary Jazz
0%
Creepy Poster Bonnie
0%
CRMN_Inst
0%
Cupcake Kids
0%
Second Locked Office Decor Custom Night Phantom Chica
0%
End of Night Cutscenes Cutscene Freddy
0%
Cutscene Golden Freddy
0%
Cutscene Puppet
0%
Dawko
0%
RFA Products Disco Pizza Light
0%
Discount Cooling Unit
0%
dlive22891
0%
Teasers, Trailers, and Promotional Materials An MS Paint drawing of a new animatronic debuting in FNAF 6 drawn by one of Scott Cawthon’s kids which was sent to someone via Discord prior to the release of FFPS Doodle Bucket Bob
0%
Ultimate Custom Night Demo Protagonist Doofred
0%
Doofy Afton
0%
Doofy BBs
0%
Doofy Circus Babys
0%
Enemies, Minibosses, and Bosses Doofy Cupcakes
0%
Doofy Egg Baby
0%
Doofy Helpys
0%
Doofy JJs
0%
Doofy Mangle Endo Heads
0%
Doofy Mangle Heads
0%
Doofy Nightmare
0%
Doofy Nightmare Endo Heads
0%
Doofy Nightmare Mangle
0%
Doofy Old Man Consequences
0%
Doofy Phantom BB
0%
Doofy Puppet Head
0%
Doofy Springtrap Head
0%
Doofy Toy Bonnie Heads
0%
Doofy Toy Freddy
0%
Doofy Unmasked Springtrap Eyes
0%
Doofy Unmasked Springtrap Heads
0%
Duct System Duct System Happy Frog
0%
Duct System Mr. Hippo
0%
Duct System Nedd Bear
0%
Duct System Orville Elephant
0%
Duct System Pigpatch
0%
Dullahan Animatronic
0%
Catalog 1 Dumpster Diver Weekly
0%
Egg Baby (Data Archive)
0%
Protagonist Eggs Benedict
0%
Empty Shells
0%
End Screen Ending Toys
0%
FNAF SL Mobile Port Ennscare Funtimes
0%
Five Nights at Freddy’s(Oops) Mentioned by Phone Guy Fazbear Entertainment
0%
Five Nights at Freddy’s: Sister Location Intro Cutscene Fazbear Entertainment Board Member
0%
FAZBEAR ENTERTAINMENT, INC.
0%
Female Computer Voice
0%
Fiesta Buffet Advert Children
0%
Sponsors Fiztime Popsoda Mascot
0%
Another Day Minigames Fredbear and Friends Gang
0%
Fredbear Plush
0%
Freddy Piñata
0%
Teasers, Trailers, and Promotional Materials Ultimate Custom Night Mobile Port Trailer Frisk YT Nightmarionne
0%
Frog of Punishment
0%
FTF 2
0%
FusionZGamer
0%
Game on Aileen
0%
Scrapped Voice German Funtime Freddy
0%
GhostRobo
0%
Golden Play Button
0%
Gold Freddy Trophy
0%
April Fool’s Mechanics Good Guy Foxy
0%
Grayscale Pizzabear
0%
Green Guy
0%
Clown Play Testing Hatless BBs
0%
Riding Rockets Play Testing Helpy’s Rocket
0%
Gravity Vortex Play Testing Helpy’s Ship
0%
Accused of Causing the Disappearances High School Balloon Boy
0%
Victim #0 (Already Dead) High School Foxy
0%
Victim #1 High School Freddy
0%
Victim #4 High School Funtime Foxy
0%
Victim #6 High School Pigpatch
0%
Victim #5 High School Puppet
0%
Victim #3 High School Toy Bonnie
0%
Toy Chica: The High School Years High School Toy Chica
0%
Victim #2 High School Wolf
0%
His Dog High School Wolf’s Dog
0%
Hollow Eye Bonnie
0%
Hollow Eye Chica
0%
Insanity Ending HRY223
0%
Hung Technicians
0%
Bonus Character Teaser Icon Ultimate Fredbear
0%
Judge Furlong
0%
Judge Guy
0%
Judge Heine
0%
Judge Kerry-Bishop
0%
Judge Kublock
0%
Judge Montaray-Sole
0%
Judge Sam Walton
0%
Judge Steve Coffman
0%
Judge Stevenson
0%
Jumpscares Jumpscare Bon-Bon
0%
Jumpscare Jumpscare Bonnet
0%
Jumpscares Jumpscare Nightmarionne
0%
Jumpscare Jumpscare Puppet
0%
FNAF World (Oops 5) Lake Secret Lake Freddy
0%
Loading Screen Withered Golden Freddy
0%
Magician Toy
0%
Making Foxy
0%
Making Foxy 2
0%
Making Foxy 3
0%
Making Foxy 4
0%
Making Foxy 5
0%
Making Foxy 6
0%
Making Foxy 7
0%
Making Fredbear
0%
Making Fredbear 2
0%
Making Fredbear 3
0%
Making Fredbear 4
0%
Making Fredbear 5
0%
Making Fredbear 6
0%
Making Fredbear 7
0%
Updates, Platform Variations, and DLC FNAF 4: Halloween Edition Mangle Plush
0%
Teasers, Trailers, and Promotional Materials Five Nights at Freddy’s Promotional Compilation #1 Markiplier
0%
Maskless Ennard
0%
Maze Dog
0%
Maze Dog 2
0%
Fruity Maze Play Testing Maze Girl
0%
Maze Player
0%
Maze Rabbit
0%
Maze Springbonnie
0%
Mediocre Melodies
0%
Ultimate Custom Night Crowd Control Meme Jumpscares
0%
Mini-Freddys
0%
Cupcake Minigame Minigame Baby
0%
Cutscenes Minigame Michael
0%
Security Puppet Play Testing Minigame Security Puppet
0%
Quirk with Jack-O’ Chica’s Renders Mirrored Jack-O’ Chica
0%
Mobile %_^^&(
0%
Mobile !2222
0%
Enemies Mobile >>>>>>
0%
Can be inferred to exist from what is said HandUnit’s introduction Models 1-4 of the Handyman’s Robotics and Unit-Repair System
0%
Miscellaneous “Objects” Module Heads
0%
Monochrome Freddy Head
0%
MS Chica
0%
MS Frog
0%
Neon Pizza Light 2
0%
Newspapers Newspaper Bobblehead
0%
Newspapers Newspaper Classics
0%
Newspaper Springtrap
0%
Newspapers Newspaper Toys
0%
No-Face
0%
Nonexistent Animatronic
0%
The Lawsuits aren’t dependent on what you have, therefore these exist (Or don’t, technically speaking) Nonexistent Ride
0%
Nyan Cakebear
0%
Orange Son
0%
Out of Service Animatronic
0%
PewDiePie
0%
Phone Toy
0%
PhuCatGeek
0%
Pikachu Plush
0%
Freddy Fazbear’s Pizzeria Simulator Bait-and-Switch Minigame Pizzabear
0%
Pizza Kids
0%
Unused Placement Marker
0%
Pond Ducks
0%
Posh Pizzeria
0%
Poster Bear
0%
Poster Bonnie
0%
Poster Chica
0%
Poster Elephant
0%
Five Nights at Freddy’s 3(Oops 3) The Missed Decor Poster Freddy
0%
Poster Lion Statues
0%
Poster Puppet
0%
Posters
0%
Posters 2
0%
Poster Ventriloquist
0%
Poster Ventriloquist Dummy
0%
Power Module
0%
PrivateBDayBooking
0%
“PUAUAAMA”(PARENTS UNION AGAINST UNSAFE ATROCITIES AND MECHANICAL ABOMINATIONS)
0%
Rabbid Mario
0%
Rabbid Yoshi
0%
RaedwulfGamer
0%
Catalog 4 Rare Finds Auction
0%
UCN Trailer Razzbowski
0%
Red Baby
0%
Rendered BTS Circus Baby
0%
Rendered BTS Funtime Freddy
0%
Rendered BTS Springtrap B
0%
Rendered BTS Withered Freddy
0%
Rockstars Assemble
0%
Rooster Teeth
0%
Rotten Minigame Michael Gang
0%
Samurai Foxy
0%
Bear of Vengeance Samurai Freddy
0%
Samurai Freddy’s Clan
0%
Samurai Mangle
0%
DDW Products Sanitation Station
0%
Scooped Ballora
0%
Wall Decor Scott’s Photos
0%
Scrap Baby Endo Head
0%
Mentioned by Hand-Unit Screws, Bolts, and Hairpins
0%
Alternate name for The Scooper revealed by the above S.C.U.P.
0%
Shelved Freddy Plush
0%
Shocked BBs
0%
Silver Freddy Trophy
0%
Sketch Clara
0%
Sketch Concept Clara
0%
Sketch Concept Vlad
0%
Sketch Vlad
0%
Catalog 3 Smiles and Servos Inc.
0%
Space Adventure BB Heads
0%
Space Adventure Gang
0%
Space Pizzas
0%
Spookfest Poster Cat
0%
Spookfest Poster Gang
0%
Springtrapped Phone Guy
0%
Springtrap Posters
0%
Wall Decor Stage Sun
0%
Namesake of Catalog 2 Stan
0%
Catalog 2 Stan’s Budget Tech
0%
Teasers, Trailers, and Promotional Materials Roster Teasers Static
0%
StoeDan
0%
Updates, Platform Variations, and DLC FNAF 1 Mobile Port Stretched Animatronics
0%
Updates, Platform Variations, and DLC Ultimate Custom Night Mobile Port Stretched JJ
0%
FFPS Teasers Stringed Freddy Plush
0%
Stupid Kids
0%
Sympathetic TV Viewer
0%
Tattered Minigame Security Puppet
0%
Teaser Afton
0%
Teaser Molten Freddy
0%
Teaser Scrap Baby
0%
Terminal Drawings
0%
Text-Only Hand-Unit
0%
Old Man Consequences Secret The Anguished
0%
The Arcade Cabinets
0%
Easter Egg Articles The Cartoon Mascot
0%
The Cat
0%
Updates, Platform Variations, and DLC FNAF World Mobile Port The Chump Stick
0%
Mentioned by Hand-Unit The Cleanup Crew
0%
Mentioned by Phone Guy The Dayguard
0%
Mentioned by the Night 2 Hand-Unit Setting The Dead Body in the Vent
0%
Completionist Ending The Devil
0%
The Doctors
0%
Protagonist The Entrepreneur
0%
The Fazbear Entertainment CEO
0%
Found on Cam 08 The Feet
0%
The Fox Cubs
0%
The Guy that mixes Ketchup, Mustard, and Mayonnaise
0%
Captured by Toy Chica The Hostages
0%
The Man in the Photo
0%
Theodore Peterson Plush
0%
Mentioned in Voice Lines The One You Should Not Have Killed
0%
The Original Owner
0%
The Other Drivers
0%
The Person who used the Suit
0%
The Police
0%
The Sun
0%
The Suspect
0%
The Terrible Man-Wolf
0%
Death Screen Easter Egg The Vengeful Spirit
0%
Five Nights at Freddy’s 2(Oops 2) Title Screen Title Screen Withered Bonnie
0%
Toby
0%
T-Shirt Doofas Drawing
0%
Intro Tutorial Unit
0%
Ultimate Bidybab
0%
First Locked Office Decor Ultimate Bon-Bon
0%
Ultimate Bonnet
0%
Default Office Decor Ultimate Candy Cadet
0%
Ultimate Fredbear
0%
Ultimate Custom Night Roster Ultimate Freddy
0%
Ultimate Nightmare
0%
Ultimate Nightmare BB
0%
Ultimate Nightmare Chica
0%
Ultimate Phantom BB
0%
Ultimate Phantom Freddy
0%
Ultimate Phantom Mangle
0%
Ultimate Rockstar Freddy
0%
Ultimate Toy Freddy
0%
Unstrung Little Joe
0%
Vent System Ennard
0%
Vent System Vent System Mangle
0%
Vent System Molten Freddy
0%
Vent System Springtrap
0%
Vent System Withered Chica
0%
Wacky Wart Paste Mascot
0%
Wall Pizzas
0%
Wario Amiibo
0%
Weird Slug Thing
0%
Wide Pigpatch
0%
Wireframe BTS Bonnie B
0%
Wireframe BTS Empty Heads
0%
Wireframe BTS Endo-01
0%
Wireframe BTS Freddys
0%
Wireframe BTS Funtime Freddy
0%
Wireframe BTS Withered Freddy
0%
Wireframe Scrap Baby Endo Head
0%
Fault with Withered Chica’s Office Render Wireless Withered Chica
0%
Yamimash
0%
No matching quizzes found
Score Distribution
Percent of People with Each Score
Percentile by Number Answered
Your Score History
You have not taken this quiz since the last reset